000 00362nam a2200145Ia 4500
008 231217s9999 xx 000 0 und d
020 _a8178811545
041 _aEnglish
082 _a658.1511 SEE1;1 R
100 _aSeethapathi, K.
245 0 _aFinancial derivatives : options
260 _c2004
_bIcfai
_aHyderabad
300 _avi, 209+A11
942 _cAA
999 _c189488
_d189488